000 00545nam a2200193Ia 4500
005 20250923145505.0
008 008 250917s9999 xx 000 0 eng d
037 _aTextual
040 _aDSWL
_beng
_cDSWL
041 _aeng
_2eng
084 _aY:g, N73;1
_qDSWL
100 _aDixon, Keith
_9835854
245 0 _aSociological Theory: Pretenc & Possibility
_c by Keith Dixon
260 _aLondon
_bRouledge
_c1973
365 _aINR
_b24.34
925 _g24.34
942 _cTEXL
_hY:g, N73;1
999 _c1451986
_d1451986